University Home | Library Home | Institutional Repository

Solar powered desalination: A case study from Botswana. (Record no. 26508)

MARC details
000 -LEADER
fixed length control field 00670cam3a220019300 4500
001 - CONTROL NUMBER
control field zam00008026
008 - FIXED-LENGTH DATA ELEMENTS--GENERAL INFORMATION
fixed length control field 970717n xx eng u
035 ## - SYSTEM CONTROL NUMBER
System control number (Sirsi) r138026
040 ## - CATALOGING SOURCE
Modifying agency UPRA
100 ## - MAIN ENTRY--PERSONAL NAME
Personal name Yates, R.
Linkage A109709.1
245 10 - TITLE STATEMENT
Title Solar powered desalination: A case study from Botswana.
260 ## - PUBLICATION, DISTRIBUTION, ETC.
Place of publication, distribution, etc. Ottawa :
Name of publisher, distributor, etc. IPRC,
Date of publication, distribution, etc. 1990.
500 ## - GENERAL NOTE
General note Includes references.
520 ## - SUMMARY, ETC.
Summary, etc. The document presents findings on the technical performance and suitability of various small-scale desalinators.
650 #4 - SUBJECT ADDED ENTRY--TOPICAL TERM
Topical term or geographic name entry element Energy.
Linkage S59689.1
650 #4 - SUBJECT ADDED ENTRY--TOPICAL TERM
Topical term or geographic name entry element Solar energy -- Botswana.
General subdivision Solar energy -- Botswana.
Linkage S83541.1
949 10 - LOCAL PROCESSING INFORMATION (OCLC)
m INESOR
t BOOK
l ON-SHELF

No items available.

© 2026 - The University of Zambia Library - Koha v25.11